[Event "SVR-op"]
[Site "Heimbach Weis"]
[Date "2014.04.13"]
[Round "3"]
[White "Roesch, Uwe"]
[Black "Heiglauer, Albert Andreas"]
[Result "1/2-1/2"]
[WhiteElo "1430"]
[BlackElo "1228"]
[PlyCount "113"]
[EventDate "2014.04.11"]
[EventType "swiss"]
[EventRounds "7"]
[EventCountry "GER"]
[SourceTitle "CBM 160 Extra"]
[Source "ChessBase"]
[SourceDate "2014.07.01"]
[SourceVersion "1"]
[SourceVersionDate "2014.07.01"]
[SourceQuality "1"]

1. f4 c5 2. Nf3 d6 3. e3 Bg4 4. Be2 Nf6 5. Nc3 a6 6. 0-0 Nc6 7. b3 g6 8. Bb2 e5 9. fxe5 dxe5 10. Ng5 Bxe2 11. Qxe2 Bg7 12. Nge4 Nxe4 13. Nxe4 Qe7 14. Qc4 0-0 15. Rf3 b5 16. Qxc5 Qxc5 17. Nxc5 Rad8 18. Rf2 Nb4 19. d3 Bh6 20. Re2 Bg7 21. a3 Nd5 22. Nxa6 Ra8 23. Nc5 Bh6 24. Kf2 Rfe8 25. Ne4 f5 26. Nd6 f4 27. exf4 Nxf4 28. Nxe8 Nxe2 29. Nf6+ Kf7 30. Kxe2 Kxf6 31. Rf1+ Ke6 32. c4 b4 33. a4 Rd8 34. Bc1 Bg7 35. Bb2 Rd7 36. Rc1 Kf5 37. c5 Ke6 38. Rc4 Bf8 39. Ke3 Kd5 40. c6 Rc7 41. a5 Bc5+ 42. Ke2 Rxc6 43. Bc1 Ra6 44. Bd2 Rxa5 45. Bxb4 Bxb4 46. Rxb4 Rc5 47. Rc4 Ra5 48. Ra4 Rc5 49. Kd2 Kd6 50. Ra7 Rb5 51. Kc2 Rc5+ 52. Kd2 Rb5 53. Ra3 Kd5 54. Ke3 Rc5 55. Ra2 Rb5 56. Rb2 Rb4 57. g3 1/2-1/2